00585 2200193 4500001002100000005001700021008004100038020001800079035002400097082001100121090002400132100001700156245009500173260003100268300003200299650002300331700001600354999002100370YOGYA-0411000000009220110404095048.0 ind  a979-672-844-3 0010-041100000000092 a028.55 a028.55bAmocKlDEP aAMOS, Janine aKind: two stories seen from two points of view/by Janine Amos ; illustrated by Gwen Green. aYogyakartabKanisiusc2001 a32 hlm.bilus.c20 x 21 cm. aBacaan kanak-kanak aGreen, Gwen aCB-D.11 2001-114